| 000 | 00369 a2200133 4500 | ||
|---|---|---|---|
| 005 | 20250621094104.0 | ||
| 020 | _a0-13-029435-7 | ||
| 082 | _aTEA LM 620.105 HIB | ||
| 100 | _aHIBBELER, R. C. | ||
| 245 | _aEngineering Mechanics Statics : Statics Study Pack. | ||
| 260 |
_aLondon, _bPrentice-Hill, _c2001. |
||
| 300 |
_a112p.: ill.; figure, table _c23cm |
||
| 942 |
_2ddc _cBKS |
||
| 999 |
_c3166 _d3166 |
||